Aquaculture Genome Technologies

Overall, Aquaculture Genome Technologies gives a good and comprehensive overview of the principes of genomic tools covering both classical and modern methods, combining clarity and depth besides some space limitations in certain chapters. The book will be of value to postgraduate students, researche...

ver descrição completa

Na minha lista:
Detalhes bibliográficos
Autor principal: Liu (John) , Zhanjiang
Formato: Livro
Idioma:Undetermined
Publicado em: Ames, Iowa Blackwell Pub 2007
Assuntos:
Tags: Adicionar Tag
Sem tags, seja o primeiro a adicionar uma tag!
Thư viện lưu trữ: Trung tâm Học liệu Trường Đại học Cần Thơ
LEADER 01176nam a2200205Ia 4500
001 CTU_152982
008 210402s9999 xx 000 0 und d
020 |c 128.14 
082 |a 572.86 
082 |b L783 
100 |a Liu (John) , Zhanjiang 
245 0 |a Aquaculture Genome Technologies 
245 0 |c Zhanjiang (John) Liu 
260 |a Ames, Iowa 
260 |b Blackwell Pub 
260 |c 2007 
520 |a Overall, Aquaculture Genome Technologies gives a good and comprehensive overview of the principes of genomic tools covering both classical and modern methods, combining clarity and depth besides some space limitations in certain chapters. The book will be of value to postgraduate students, researchers and academics within the field of aquaculture and agriculture, molecular biology and animal breeding... I am convinced that Aquaculture genome technologies will be an important reference for quite some time and I welcome its arrival 
650 |a Genomics,Aquatic genetic resources,Aquaculture,Nuôi trồng thuỷ sản,Nguồn tài nguyên di truyền hải sản 
904 |i Tuyến 
980 |a Trung tâm Học liệu Trường Đại học Cần Thơ